mysqli: Table './ulib62015/stat_globaluid' is marked as crashed and should be repaired
select id from stat_globaluid where statuid='20260705202102_2189'
mysqli: Table './ulib62015/stat_globaluid' is marked as crashed and should be repaired
DELETE FROM stat_globaluid
WHERE id NOT IN (
SELECT id
FROM (
SELECT id
FROM stat_globaluid
ORDER BY id DESC
LIMIT 100
) foo
);
mysqli: Table './ulib62015/stat_globaluid' is marked as crashed and should be repaired
insert into stat_globaluid set
statuid='20260705202102_2189',
dt='1783257662',
phpself='/ULIB62015/dublinfull.php',
agent='Mozilla/5.0 AppleWebKit/537.36 (KHTML, like Gecko; compatible; ClaudeBot/1.0; +claudebot@anthropic.com)',
yea='2026',
mon='7',
dat='5',
ip='216.73.216.111'
mysqli: Table './ulib62015/stathist_viewbib_bib_type' is marked as crashed and should be repaired
insert into stathist_viewbib_bib_type set
dat='05' ,
mon='07' ,
yea='2026' ,
statuid='20260705202102_2189' ,
head='31300' ,
foot='marc' ,
dt='1783257662'
LEADER : 01174nam 2200277 a 4500
001 31300
003 ULIB
008 030417s2546 caua sb 001 0 tha
020 ^a9746520113
060 4 ^aQU4^bช579 2546
245 10 ^aชีวเคมีทางการแพทย์ :^bเมตาบอลิสมของสารอาหารเชิงบูรณาการสำหรับนักศึกษาสายวิทยาศาสตร์การแพทย์ = Medical biochemistry : metabolism of macronutrients, the integrated approach for health sciences students /^cปนัดดา โรจน์พิบูลสถิตย์, บรรณาธิการ
246 ^aMedical biochemistry :^bmetabolism of macronutrients, the integrated approach for health sciences students